000
00197 a2200097 4500
001
7877
100
_a
Kopp, H
245
_a
Himalaya shuttlecock
260
_a
_b
Hutchinson
_c
090
_c
6322
_d
6322
942
_a
NUST-CAE
_c
M
_c
32848
999
_c
242950
_d
242950